Municípios da Região Metropolitana de Curitiba (PR) no mapa - Statistics

Estatísticas Gerais
  • Esse quiz foi jogado 507 vezes
  • A pontuação média é 17 de 29
Respostas no mapa
Respostas codificadas por cores de uma escala verde-vermelha no mapa do quiz de acordo com a % correta abaixo.
 
Estatísticas das Respostas
Município % Correto
Curitiba
96%
São José dos Pinhais
93%
Pinhais
89%
Colombo
86%
Araucária
85%
Campo Largo
83%
Fazenda Rio Grande
75%
Almirante Tamandaré
74%
Lapa
66%
Piraquara
66%
Campo Magro
64%
Quatro Barras
58%
Campina Grande do Sul
57%
Rio Branco do Sul
49%
Tijucas do Sul
49%
Contenda
47%
Piên
47%
Mandirituba
46%
Quitandinha
46%
Agudos do Sul
45%
Bocaiúva do Sul
44%
Rio Negro
43%
Adrianópolis
42%
Cerro Azul
42%
Doutor Ulysses
41%
Balsa Nova
40%
Itaperuçu
38%
Campo do Tenente
35%
Tunas do Paraná
35%
Nenhum quiz correspondente encontrado
Distribuição das Pontuações
Porcentagem de Pessoas com Cada Pontuação
Percentil de Números Respondidos
Sua Pontuação Histórica
Você não jogou esse quiz